|
|
|
|
| LEADER |
02103nam a22005535i 4500 |
| 001 |
978-3-642-20317-6 |
| 003 |
DE-He213 |
| 005 |
20151204172500.0 |
| 007 |
cr nn 008mamaa |
| 008 |
110729s2011 gw | s |||| 0|eng d |
| 020 |
|
|
|a 9783642203176
|9 978-3-642-20317-6
|
| 024 |
7 |
|
|a 10.1007/978-3-642-20317-6
|2 doi
|
| 040 |
|
|
|d GrThAP
|
| 050 |
|
4 |
|a HF54.5-54.56
|
| 072 |
|
7 |
|a KJQ
|2 bicssc
|
| 072 |
|
7 |
|a UF
|2 bicssc
|
| 072 |
|
7 |
|a BUS083000
|2 bisacsh
|
| 072 |
|
7 |
|a COM039000
|2 bisacsh
|
| 082 |
0 |
4 |
|a 650
|2 23
|
| 082 |
0 |
4 |
|a 658.05
|2 23
|
| 245 |
1 |
0 |
|a Privacy and Identity Management for Life
|h [electronic resource] /
|c edited by Jan Camenisch, Simone Fischer-Hübner, Kai Rannenberg.
|
| 264 |
|
1 |
|a Berlin, Heidelberg :
|b Springer Berlin Heidelberg,
|c 2011.
|
| 300 |
|
|
|a XXIV, 512 p.
|b online resource.
|
| 336 |
|
|
|a text
|b txt
|2 rdacontent
|
| 337 |
|
|
|a computer
|b c
|2 rdamedia
|
| 338 |
|
|
|a online resource
|b cr
|2 rdacarrier
|
| 347 |
|
|
|a text file
|b PDF
|2 rda
|
| 520 |
|
|
|a At the end of the PrimeLife EU project, a book will contain the main research results. It will address primarily researchers. In addition to fundamental research it will contain description of best practice solutions.
|
| 650 |
|
0 |
|a Business.
|
| 650 |
|
0 |
|a Information technology.
|
| 650 |
|
0 |
|a Business
|x Data processing.
|
| 650 |
|
0 |
|a Data encryption (Computer science).
|
| 650 |
|
0 |
|a Computers.
|
| 650 |
|
0 |
|a Law and legislation.
|
| 650 |
1 |
4 |
|a Business and Management.
|
| 650 |
2 |
4 |
|a IT in Business.
|
| 650 |
2 |
4 |
|a Information Systems Applications (incl. Internet).
|
| 650 |
2 |
4 |
|a Legal Aspects of Computing.
|
| 650 |
2 |
4 |
|a Information Systems and Communication Service.
|
| 650 |
2 |
4 |
|a Data Encryption.
|
| 700 |
1 |
|
|a Camenisch, Jan.
|e editor.
|
| 700 |
1 |
|
|a Fischer-Hübner, Simone.
|e editor.
|
| 700 |
1 |
|
|a Rannenberg, Kai.
|e editor.
|
| 710 |
2 |
|
|a SpringerLink (Online service)
|
| 773 |
0 |
|
|t Springer eBooks
|
| 776 |
0 |
8 |
|i Printed edition:
|z 9783642203169
|
| 856 |
4 |
0 |
|u http://dx.doi.org/10.1007/978-3-642-20317-6
|z Full Text via HEAL-Link
|
| 912 |
|
|
|a ZDB-2-SBE
|
| 950 |
|
|
|a Business and Economics (Springer-11643)
|